000 02016cam a2200337 a 4500
001 1803
003 FISKH
005 20231002143332.0
008 990816s2000 caua j b 000 0ceng
010 _a 99006840
020 _a0152008071
040 _aDLC
_cDLC
_dDLC
_beng
042 _alcac
050 0 0 _aHQ1236
_b.K8 2000
082 0 0 _a320/.082
_aB
_221
100 1 _aKrull, Kathleen.
245 1 0 _aLives of extraordinary women :
_brulers, rebels (and what the neighbors thought) /
_cwritten by Kathleen Krull ; illustrated by Kathryn Hewitt.
250 _a1st ed.
260 _aSan Diego :
_bHarcourt,
_c2000.
300 _a96 pages :
_bcolor illutrations ;
_c26 cm.
520 _aNot all governments have been run by men. Lives of Extraordinary Women turns the spotlight on women who have wielded power, revealing their feats--and flaws--for all the world to see. Here you'll find twenty of the most influential women in history: queens, warriors, prime ministers, first ladies, revolutionary leaders. Some are revered. Others are notorious. What were they really like? In this grand addition to their highly praised series, Kathleen Krull and Kathryn Hewitt celebrate some of the world's most noteworthy women, ranging from the famous to those whose stories have rarely been told.
521 8 _a1150
_bLexile
650 0 _aWomen
_xPolitical activity
_vBiography
_vJuvenile literature.
650 0 _aWomen heads of state
_vBiography
_vJuvenile literature.
700 1 _aHewitt, Kathryn,
_eillustrator
856 4 2 _3Contributor biographical information
_uhttp://www.loc.gov/catdir/bios/har051/99006840.html
856 4 2 _3Publisher description
_uhttp://www.loc.gov/catdir/description/har021/99006840.html
906 _a7
_bcbc
_corignew
_d1
_eecip
_f19
_gy-gencatlg
942 _2ddc
_cBK
_n0
999 _c1803
_d1803